000 nam a22 7a 4500
999 _c10319
_d10319
008 180213b ||||| |||| 00| 0 eng d
100 _aJoshi, R
_96280
245 _aAdvance conversaation skills -II
260 _aNew Delhi
_bGoyal Publication
_c2012